| 000 | 01253naa a2200313 c 4500 | ||
|---|---|---|---|
| 001 | 48908 | ||
| 999 |
_c48908 _d48908 |
||
| 003 | ES-MaCES | ||
| 005 | 20180315135408.0 | ||
| 008 | 170220s2016 sp ||||| t||||||| ||spa d | ||
| 040 |
_aES-MaCES _bspa _cES-MaCES _dES-MaCES |
||
| 100 | 1 |
_99287 _aCastillo Alonso, Juan José |
|
| 245 | 1 | 0 |
_aPor una sociología del trabajo académico _b: La precarización del trabajo de enseñar e investigar en la Universidad _cJuan José Castillo, Paloma Moré |
| 504 | _aBibliografía: p. 24-26 | ||
| 650 | 4 |
_927434 _auniversidad |
|
| 650 | 4 |
_927379 _aenseñanza superior |
|
| 650 | 4 |
_929286 _apersonal docente |
|
| 650 | 4 |
_928827 _ainvestigación |
|
| 650 | 4 |
_928327 _acondiciones de trabajo |
|
| 650 | 4 |
_928316 _acontrato de trabajo |
|
| 650 | 4 |
_927165 _aderecho del trabajo |
|
| 650 | 4 |
_927166 _alegislación del trabajo |
|
| 650 | 4 |
_927373 _apolítica educativa |
|
| 650 | 4 |
_929892 _areforma legislativa |
|
| 653 | 1 | 0 | _aRelaciones laborales-Empleo |
| 700 | 1 |
_937155 _aMoré Corral, Paloma |
|
| 773 | 0 |
_985527 _dMadrid (Plaza, 5, 28043) Siglo XXI de España _o088425 _tSociología del trabajo _w(ES-MaCES)25232 _gn. 88 (otoño 2016) {10217 R. 088425} ;p. 7-26 |
|
| 902 | _aART Artículo de revista | ||
| 942 |
_2CES _cAR _h2.0. |
||